000 00340nam a22001457a 4500
008 230605b ||||| |||| 00| 0 eng d
020 _a9780190262983
041 _aeng
080 _2FOURTH EDITION
_a574
082 _a574DEV
100 _a44
101 _aENCKI
245 _aINTRODUCTION TO MYTHOLOGY
_cDEVINNEY .K .M
942 _2udc
_cBK
999 _c59915
_d59915